000
00295nam a22001337a 4500
020
_a
0-7513-6901-2
082
_a
030
_b
DOR/E
100
_a
DORLING KINDERSLEY
245
_a
THE EARTH
260
_a
LONDON
_b
DK LIMITED
_c
1993
300
_a
49
650
_a
ENCYCLOPEDIA
_z
UNITED KINGDOM
942
_c
BK
999
_c
2316
_d
2316